| LEADER 00000nam 2200000uu 4500 |
| 001 211890 |
| 003 ULIBM |
| 008 020711s2559 th a 000 0 tha d |
| 041 ^atha
|
| 050 4 DS586 ร294 2559
|
| 245 รักษ์คน รักษ์น้ำ รักษ์ป่า : ปณิธานองค์พระราชาสู่ปวงประชาชาวไทย/^cบริษัท ผลิตไฟฟ้าราชบุรีโฮลดิ้ง จำกัด (มหาชน)
|
| 260 นนทบุรี :^bบริษัท ผลิตไฟฟ้าราชบุรีโฮลดิ้ง จำกัด (มหาชน),^c2559
|
| 300 155 หน้า :^bภาพประกอบ ;^c21 ซม.
|
| 650 4 ภูมิพลอดุลยเดช,พระบาทสมเด็จพระปรมินทรมหา,2470-2559^xพระราชกรณียกิจ
|
| 650 4 ^aโครงการอันเนื่องมาจากพระราชดำริ
|
| 650 4 ^aป่าไม้และการป่าไม่^xแง่สิ่งแวดล้อม
|
| 700 0 ^aบุญทิวา ด่านสมสถิต
|
| 710 2 ^aบริษัท ผลิตไฟฟ้าราชบุรีโฮลดิ้ง จำกัด (มหาชน)
|
| 999 ^aใช้งานได้ทุกระบบ
|